000 00620nam a2200205Ia 4500
003 GCL
008 140319s9999 xx 000 0 ara d
040 _aGCL /
_cGCL
082 0 4 _a811.4
_bى ص
100 1 _aمصطفى السقا
245 1 0 _aالصبح المنبى عن حيثية المتنبى /
_cمصطفى السقا
700 1 _aيوسف البديعى
700 1 _aمحمد السقا
260 _a[S.N] :
_bدار المعارف ،
_c1994
300 _a532 ص
490 _aذخائر العرب
_v0
650 0 4 _aالشعر العربى
650 0 4 _aدواوين وقصائد
942 _2ddc
_cBK
999 _c55763
_d55763